Normal view
MARC view
- MEMON,A.HADI ABDUL
Entry Personal Name
001 - CONTROL NUMBER
- control field: 133731
003 - CONTROL NUMBER IDENTIFIER
- control field: NUST
005 - DATE AND TIME OF LATEST TRANSACTION
- control field: 20260316100903.0
008 - FIXED-LENGTH DATA ELEMENTS
- fixed length control field: 260316|| aca||aabn | a|a d
040 ## - CATALOGING SOURCE
- Original cataloging agency: NUST
- Transcribing agency: NUST
100 ## - HEADING--PERSONAL NAME
- Personal name: MEMON,A.HADI ABDUL
670 ## - SOURCE DATA FOUND
- Source citation: Work cat.: (NUST): MEMON,A.HADI ABDUL., AN EASY APPROACH TO FUNCTIONAL ENGLISH /, 2003.
